| 000 | 00774nam a22002897a 4500 | ||
|---|---|---|---|
| 003 | OSt | ||
| 008 | 150515b xxu||||| |||| 00| 0 eng d | ||
| 100 | 1 | _aLindquist, H. L. | |
| 041 | _aeng | ||
| 050 | 0 | 0 | _a383.2135S |
| 245 | 1 | 0 | _aThe Stamp Specialist |
| 246 | 1 | 0 | _aBlack Book (Number 14) |
| 260 |
_aNew York, NY _bH. L. Lindquist |
||
| 300 | _a128 pages | ||
| 650 | 0 | _aGeneral | |
| 650 | 0 | _aBritish Columbia | |
| 650 | 0 | _aBarnards Cariboo Express | |
| 650 | 0 | _aConfederate states | |
| 650 | 0 | _aPatriotic Covers | |
| 650 | 0 | _aWestern Franks | |
| 650 | 0 | _aInsurance Cancellations on US Civil War Revenues | |
| 650 | 0 | _aLetters in Covers | |
| 650 | 0 | _aLibby Prison | |
| 650 | 0 | _aVirginia | |
| 650 | 0 | _aCanada Mourning Covers | |
| 650 | 0 | _aSyndicate Envelopes | |
| 999 |
_c1472 _d1472 |
||